000 00590cam a2200145 4500500
005 20251012032551.0
041 _afre
042 _adc
100 1 0 _aSesé, Bernard
_eauthor
245 0 0 _aAldebert de Chamisso, L’Etrange histoire de Peter Schlemihl (Peter Schlemihls wundersame Geschiste, 1814), Présentation et notes de Marie-France Azéma, Le Livre de poche, 2004, 126 pages.
260 _c2005.
500 _a45
786 0 _nSigila | 16 | 2 | 2005-12-20 | p. 217-218 | 1286-1715
856 4 1 _uhttps://shs.cairn.info/revue-sigila-2005-2-page-217?lang=fr&redirect-ssocas=7080
999 _c1547671
_d1547671